Contrade del Palio di Siena - Morte improvvisa - Statistics

Statistiche generali
  • Questo quiz è stato fatto 132 volte
  • Il punteggio medio è 9 su 17
Answers on the Grid
Answers color-coded by a green-red scale on the quiz's grid according to % correct below.
Aquila
Bruco
Civetta
Chiocciola
Drago
Giraffa
Istrice
Leocorno
Lupa
Nicchio
Onda
Oca
Pantera
Selva
Torre
Tartuca
Valdimontone
Unicorno
Cervo
Grifone
Idra
Pegaso
Leopardo
Lumaca
Falcone
Tasso
Fontana
Valdarno
Chimera
Centauro
Grillo
Volpone
 
Statistiche sulle risposte
Risposta % Corretto
Oca
71%
Tartuca
62%
Bruco
61%
Torre
59%
Chiocciola
58%
Giraffa
58%
Istrice
55%
Lupa
55%
Valdimontone
55%
Drago
54%
Leocorno
51%
Selva
51%
Civetta
49%
Aquila
48%
Nicchio
48%
Onda
48%
Pantera
46%
Nessun quiz corrispondente trovato
Distribuzione punteggi
Percentuale di utenti per punteggio
Percentile per numero di risposta
I tuoi punteggi nel tempo
Non hai fatto questo quiz